000 01296cab a2200253 4500
001 ##L131602
008 051118n2005 000 0 eng u
035 _a(Sirsi) u131602
041 0 _aeng
100 1 _aCurd, Clive
245 0 0 _aPaying due diligence to new eco rules
260 _c2005
490 0 _aQS News
_v11 November 2005, 13(1)
520 _aArgues that Parts L and F of the Building Regulations, due to come into force in 2006, will inevitably lead to an increase in building costs. Considers the possible range of incentives which might be offered by government to encourage developers to adopt a more environmentally-friendly policy, including grants for alternative energy sources, enhanced capital allowances, and tax breaks.
590 _aIKA221105
650 2 4 _aBUILDING REGULATIONS 2000 APPROVED DOCUMENT L1A (2005 INTERIM EDITION)
650 2 4 _aBUILDING REGULATIONS 2000 APPROVED DOCUMENT L1B (2005 INTERIM EDITION)
650 2 4 _aBUILDING REGULATIONS 2000 APPROVED DOCUMENT L2A (2005 INTERIM EDITION)
650 2 4 _aBUILDING REGULATIONS 2000 APPROVED DOCUMENT L2B (2005 INTERIM EDITION)
650 2 4 _aBUILDING REGULATIONS 2000 APPROVED DOCUMENT F (2005 INTERIM EDITION)
650 2 4 _aDIRECTIVE 2002/91/EC
690 _aBuilding regulations
_96224
942 _n0
999 _c76191
_d76191